| 000 | 00648nam a22002177a 4500 | ||
|---|---|---|---|
| 003 | BUBTL | ||
| 008 | 221204b ||||| |||| 00| 0 eng d | ||
| 020 | _a0415350646 | ||
| 082 | _a325.3/ L8731c/ 2005 | ||
| 100 |
_95016 _aLoomba, Ania |
||
| 245 |
_aColonialism/ Postcolonialism / _cAnia Loomba |
||
| 250 | _a2nd Edn. | ||
| 260 |
_aLondon: _bRoutledge Taylor & Francis Group, _cc2005 |
||
| 300 |
_axi, 263 p.: _c22 cm. |
||
| 500 | _aIncludes Index | ||
| 505 | _aColonialism, Postcolonialism, Ania Loomba, English | ||
| 650 | 0 |
_91994 _aEnglish Literature |
|
| 856 |
_k0 _l0 _yDownload |
||
| 942 |
_2ddc _cBK |
||
| 999 |
_c6852 _d6852 |
||